header

Working with sexually abusive adolescents (Record no. 89041)

MARC details
000 -LEADER
fixed length control field 01496nam a2200373 a 4500
245 00 - TITLE STATEMENT
Title Working with sexually abusive adolescents
260 ## - PUBLICATION, DISTRIBUTION, ETC. (IMPRINT)
Place of publication London :
Name of publisher SAGE Publications,
Year of publication 1997.
300 ## - PHYSICAL DESCRIPTION
Number of Pages x, 246 p. :
Other physical details ill.
490 1# - SERIES STATEMENT
Series statement Working with children and adolescents
650 #0 - SUBJECT ADDED ENTRY--TOPICAL TERM
Topical Term Teenage sex offenders.
Topical Term Teenage sex offenders
Topical Term Teenage sex offenders
700 1# - ADDED ENTRY--PERSONAL NAME
Personal name Hoghughi, Masud.
Personal name Bhate, Surya R.
Personal name Graham, Finlay.
856 40 - ELECTRONIC LOCATION AND ACCESS
Uniform Resource Identifier http://site.ebrary.com/lib/rucke/Doc?id=10392792

No items available.

© 2026 Rongo University
Contact us: librarian | system librarian | Rongo university